| 000 | 01965nam0a2200361 4500 | ||
|---|---|---|---|
| 001 | RU\NLR\BIBL_A\022391606 | ||
| 005 | 20260406140904.0 | ||
| 010 |
_a978-5-04-199280-4 _93000 |
||
| 035 | _a(NLR Aleph) 022391606 | ||
| 090 |
_a13332255 _c13332255 |
||
| 100 | _a20241126d2024 |||y0rusy50 ca | ||
| 101 | 1 |
_arus _ceng |
|
| 102 | _aRU | ||
| 105 | _aac z 000yy | ||
| 181 | 0 |
_ai _baxxe |
|
| 182 | 0 | _an | |
| 200 | 1 |
_aМедицинские заметки Шерлока Холмса _eкак болели, лечили и умирали в Викторианскую эпоху _e[дедуктивные навыки героя сэра Артура Конан Дойла на основе диагностических методов] _fНик Хоулетт _g[перевод с английского А. В. Ивановой, А. Ю. Красильниковой] |
|
| 203 |
_aТекст _bвизуальный _cнепосредственный |
||
| 210 |
_aМосква _cЭксмо, Бомбора _d2024 |
||
| 215 |
_a443, [1] с. _cил., портр. _d21 |
||
| 225 | 1 |
_aRespectus _iПутешествие к современной медицине |
|
| 300 | _aВ аннот. авт.: Ник Хоулетт, врач-терапевт | ||
| 320 | _aБиблиогр.: с. 441–444 (59 назв.) | ||
| 606 | 1 |
_aБолезни _jПопулярные издания _xИстория изучения _92481589 _3RU\NLR\AUTH\661473096 |
|
| 606 | 1 |
_aМедицина _jПопулярные издания _xИстория _yВеликобритания _z19 в. _92261580 _3RU\NLR\AUTH\661355971 |
|
| 686 | 1 | _aР.г(4Вл)я9 | |
| 686 | 1 | _aР252.2я9 | |
| 700 | 1 |
_aХоулетт _bН. _gНик |
|
| 702 | 1 |
_4280 _8rus _7ca _aДойл _bА. К. _f1859-1930 _gАртур Конан _3RU\NLR\AUTH\773259 _9113265 |
|
| 942 | _cBOOK | ||
| 980 | _aNB | ||